| 000 | 00423nam a2200145 a 4500 | ||
|---|---|---|---|
| 001 | 3794 | ||
| 003 | CDMR | ||
| 005 | 20130116135249.0 | ||
| 008 | 130130s2001||||||||||||||||||||||||||||d | ||
| 040 |
_aCDMR _bcat _cCDMR |
||
| 111 | 2 |
_aIPI World Congress and General Assembly _cNova Delhi _d2001 _n50ena _92684 |
|
| 245 | 1 | 0 | _a[Ponències i comunicacions] |
| 260 |
_aNova Delhi _c2001 _bInternational Press Institute (IPI) |
||
| 942 | _cMON | ||
| 999 |
_c3794 _d3794 |
||